De l'origine des lois, des arts et des sciences, et de leurs progrès chez les anciens peuples / (Record no. 154373)

MARC details
000 -LEADER
campo de control de longitud fija 01207cam a22002292i 4500
001 - NÚMERO DE CONTROL
campo de control 154373
003 - IDENTIFICADOR DE NÚMERO DE CONTROL
campo de control ES-MaACL
005 - FECHA Y HORA DE LA ÚLTIMA TRANSACCIÓN
campo de control 20251003063134.0
008 - DATOS DE LONGITUD FIJA--INFORMACIÓN GENERAL
campo de control de longitud fija 960410s1809 fr |||| | fre d
040 ## - FUENTE DE CATALOGACIÓN
Centro catalogador/agencia de origen CAT
Lengua de catalogación spa
Centro/agencia transcriptor CAT
Centro/agencia modificador CCPB
-- CCPB | CAM
080 #4 - NÚMERO DE LA CLASIFICACIÓN DECIMAL UNIVERSAL
Número de la Clasificación Decimal Universal 340
100 1# - ENTRADA PRINCIPAL--NOMBRE DE PERSONA
Nombre de persona Goguet, Antoine-Yves,
Fechas asociadas al nombre 1716-1758
9 (RLIN) 127356
245 10 - MENCIÓN DEL TÍTULO
Título De l'origine des lois, des arts et des sciences, et de leurs progrès chez les anciens peuples /
Mención de responsabilidad, etc. par Antoine-Yves Goguet.
250 ## - MENCION DE EDICION
Mención de edición Nouv. éd., augm. d'une table raisonnée des matières, avec planches et tableaux.
260 ## - PUBLICACIÓN, DISTRIBUCIÓN, ETC.
Lugar de publicación, distribución, etc. Paris :
Nombre del editor, distribuidor, etc. L. Haussmann et d'Hautel,
Fecha de publicación, distribución, etc. 1809.
300 ## - DESCRIPCIÓN FÍSICA
Extensión 3 v. ;
Dimensiones 21 cm.
500 ## - NOTA GENERAL
Nota general Descrit a partir del v. 2.
597 #1 - NOTA DE DESCRIPCIÓN FÍSICA
NOTA DE DESCRIPCIÓN FÍSICA Contiene: T.I Depuis le Déluge jusq'à la mort de Jacob (396 p., [1] h. pleg., [3] h. de lám. pleg.) -- T. II. Depuis la mort de Jacob, jusqu'à l'établissement de la royauté chez les hébreux (373 p.) -- Depuis l'établissement de la royauté chez les Hébreux jusqu'à leur retour de la captivité (350 p., [8] h. de lám. pleg.)
752 ## - ENTRADA AGREGADA--NOMBRE JERÁRQUICO DEL LUGAR
País o entidad superior Francia -
Ciudad París
852 ## - LOCALIZACIÓN
Ubicación ES-MaACL
Número de control de estantería R-3009-11
Nota libre -- Enc. piel con hierros dorados
Encuadernación Olim:G-11032-34
Holdings
Estatus retirado Estado de pérdida Estado de daño No para préstamo Colección Biblioteca de origen Biblioteca actual Ubicación en estantería Fecha de adquisición Total de préstamos Signatura topográfica completa Código de barras Visto por última vez Precio de reemplazo Tipo de ítem Koha
        Libros del s. XIX Biblioteca del Ateneo de Madrid Biblioteca del Ateneo de Madrid Depósito 17/01/2008   R-3009-11 1161433 23/02/2023 23/02/2023 Libro impreso antiguo